000 00383nam a2200157Ia 4500
100 _aBertein/Jean-Claude
650 _aOptimal filtering
942 _cBK
366 _f25
654 _astochastic
245 _aDiscrete stochastic processing and optimal filtering
260 _bHermes science
_c2007
082 _a621.3822
_bBER
300 _a287
546 _aENGLISH
_cPAMPHALETS
999 _c29651
_d29651